Automotive Technology: (Record no. 590130)

000 -LEADER
fixed length control field 00464nam a22001817a 4500
003 - CONTROL NUMBER IDENTIFIER
control field NUST
005 - DATE AND TIME OF LATEST TRANSACTION
control field 20220607101413.0
008 - FIXED-LENGTH DATA ELEMENTS--GENERAL INFORMATION
fixed length control field 220607b ||||| |||| 00| 0 eng d
020 ## - INTERNATIONAL STANDARD BOOK NUMBER
International Standard Book Number 9781337794213
038 ## - RECORD CONTENT LICENSOR
Staff Name Muzammil
082 ## - DEWEY DECIMAL CLASSIFICATION NUMBER
Classification number 629.287
Author Mark ERJ
100 ## - MAIN ENTRY--PERSONAL NAME
Personal name Erjavev,Jack
9 (RLIN) 92019
245 ## - TITLE STATEMENT
Title Automotive Technology:
Remainder of title a systems approach\
Statement of responsibility, etc. Jack Erjavec.
250 ## - EDITION STATEMENT
Edition statement 7th
260 ## - PUBLICATION, DISTRIBUTION, ETC.
Place of publication, distribution, etc. Australia
Name of publisher, distributor, etc. Cengage
Date of publication, distribution, etc. 2020
300 ## - PHYSICAL DESCRIPTION
Extent xx,1900;p.;
942 ## - ADDED ENTRY ELEMENTS (KOHA)
Source of classification or shelving scheme
Koha item type Book
Holdings
Withdrawn status Lost status Source of classification or shelving scheme Damaged status Not for loan Permanent Location Current Location Shelving location Date acquired Total Checkouts Full call number Barcode Date last seen Date last checked out Price effective from Koha item type
          School of Mechanical & Manufacturing Engineering (SMME) School of Mechanical & Manufacturing Engineering (SMME) General Stacks 06/07/2022 1 629.287 ERJ SMME-3728 04/25/2024 07/03/2023 06/07/2022 Book
© 2023 Central Library, National University of Sciences and Technology. All Rights Reserved.